000
00193 a2200097 4500
001
8299
100
_a
Knoke,H
245
_a
I Flew for the Fuhrer
260
_a
_b
Evans
_c
090
_c
6678
_d
6678
942
_a
NUST-CAE
_c
M
_c
33242
999
_c
243372
_d
243372